01182 a2200241 45000010006000000050017000060080041000230030015000640400040000790800039001192450083001580200018002412640051002593000019003105050307003290410008006369420007006445900036006511000024006879990015007119520107007269520107008336018120260407155853.0260407a1992 arg spa dAR-UNSa-BCEJYS aAR-UNSa-BCEJYSbspacAR-UNSa-BCEJYS a342.41xBases de la constitución10aControl de constitucionalidadpEl proceso y la jurisdicción constitucionales a950-569-037-1 1aBuenos Aires :bAbaco de Rodolfo Depalmac1992 a533 p.c23 cm. a1. Génesis del control de constitucionalidad - 2. La jurisdicción constitucional y la búsqueda de su legitimidad – 3. Ejercicio del control de constitucionalidad – 4. Límites del control. Los actos no justiciables – 5. Tendencias jurídico- políticas del control de constitucionalidad  aspa cBK aniveau_biblio:m niveau_hierar:01 aBianchi, Alberto B. c6891d6891 00104070aBCEJYSbBCEJYSc16d2026-04-07l0o342.41 B577pL86457r2026-04-07 15:58:53w2026-04-07yL 00104070aBCEJYSbBCEJYSc16d2026-04-07l0o342.41 B577pL58861r2026-04-07 15:58:53w2026-04-07yL